Statistics for Ultimate United Kingdom Subdivisions Quiz

Click here to take the quiz!

General Stats

  • This quiz has been taken 90 times
    (79 since last reset)
  • The average score is 62 of 147

Answer Stats

HintAnswer% Correct
WalesCardiff
76%
ScotlandGlasgow city
76%
ScotlandAberdeen City
71%
England | London BoroughsCity of London
71%
EnglandCornwall
71%
EnglandEast Riding of Yorkshire
71%
ScotlandEdinburgh city
71%
Channel IslandsJersey
71%
EnglandWest Midlands
71%
EnglandWest Yorkshire
71%
EnglandEssex
65%
Channel IslandsGuernsey
65%
EnglandKent
65%
EnglandLincolnshire
65%
EnglandMerseyside
65%
EnglandNorfolk
65%
EnglandNorth Yorkshire
65%
EnglandNottinghamshire
65%
EnglandSouth Yorkshire
65%
EnglandSurrey
65%
OtherThe Isle of Man
65%
EnglandCambridgeshire
59%
Northern IrelandCounty Derry
59%
EnglandCumbria
59%
EnglandDerbyshire
59%
EnglandDevon
59%
EnglandDorset
59%
EnglandEast Sussex
59%
EnglandGreater Manchester
59%
London BoroughsGreenwich
59%
EnglandHampshire
59%
EnglandLeicestershire
59%
EnglandNorthumberland
59%
EnglandOxfordshire
59%
EnglandWest Sussex
59%
EnglandWorcestershire
59%
EnglandBedfordshire
53%
EnglandBuckinghamshire
53%
EnglandCounty Durham
53%
ScotlandDundee
53%
EnglandIsle Of Wight
53%
EnglandLancashire
53%
Channel IslandsSark
53%
EnglandSomerset
53%
EnglandSuffolk
53%
WalesSwansea
53%
EnglandBristol
47%
EnglandCheshire
47%
London BoroughsCity of Westminster
47%
Northern IrelandCounty Down
47%
EnglandGloucestershire
47%
EnglandHertfordshire
47%
London BoroughsIslington
47%
WalesNewport
47%
EnglandNorthamptonshire
47%
ScotlandOrkney
47%
WalesPembrokeshire
47%
EnglandRutland
47%
ScotlandShetland
47%
WalesWrexham
47%
WalesAnglesey
41%
EnglandBerkshire
41%
Northern IrelandCounty Armagh
41%
Northern IrelandCounty Fermanagh
41%
London BoroughsCroydon
41%
London BoroughsEaling
41%
EnglandHerefordshire
41%
ScotlandHighlands
41%
EnglandStaffordshire
41%
London BoroughsTower Hamlets
41%
EnglandTyne and Wear
41%
EnglandWarwickshire
41%
ScotlandAberdeenshire
35%
Channel IslandsAlderney
35%
London BoroughsBrent
35%
Northern IrelandCounty Antrim
35%
Northern IrelandCounty Tyrone
35%
WalesFlintshire
35%
EnglandGreater London
35%
London BoroughsHackney
35%
London BoroughsHarrow
35%
Channel IslandsHerm
35%
London BoroughsHounslow
35%
London BoroughsKensington and Chelsea
35%
London BoroughsLambeth
35%
ScotlandMidlothian
35%
WalesPowys
35%
ScotlandScottish Borders
35%
EnglandShropshire
35%
London BoroughsSouthwark
35%
ScotlandAngus
29%
ScotlandArgyll and Bute
29%
London BoroughsBarnet
29%
London BoroughsBexley
29%
London BoroughsBromley
29%
London BoroughsCamden
29%
WalesCarmarthenshire
29%
ScotlandClackmannanshire
29%
WalesConwy
29%
WalesDenbighshire
29%
ScotlandDumfries And Galloway
29%
ScotlandEast Ayrshire
29%
ScotlandEast Dunbartonshire
29%
ScotlandEast Lothian
29%
ScotlandFalkirk
29%
ScotlandFife
29%
WalesGwynedd
29%
London BoroughsHammersmith and Fulham
29%
London BoroughsHaringey
29%
London BoroughsLewisham
29%
ScotlandMoray
29%
ScotlandNorth Ayrshire
29%
ScotlandPerth and Kinross
29%
London BoroughsRedbridge
29%
ScotlandRenfrewshire
29%
ScotlandSouth Ayrshire
29%
ScotlandSouth Lanarkshire
29%
WalesVale of Glamorgan
29%
London BoroughsWandsworth
29%
ScotlandWest Dunbartonshire
29%
ScotlandWest Lothian
29%
EnglandWiltshire
29%
London BoroughsBarking and Dagenham
24%
WalesBlaenau Gwent
24%
WalesCaerphilly
24%
WalesCeredigion
24%
ScotlandEast Renfrewshire
24%
London BoroughsEnfield
24%
London BoroughsHavering
24%
London BoroughsHillingdon
24%
ScotlandInverclyde
24%
WalesMerthyr Tydfil
24%
London BoroughsMerton
24%
WalesMonmouthshire
24%
WalesNeath Port Talbot
24%
London BoroughsNewham
24%
ScotlandNorth Lanarkshire
24%
ScotlandStirling
24%
London BoroughsSutton
24%
WalesTorfaen
24%
London BoroughsWaltham Forest
24%
WalesBridgend
18%
London BoroughsKingston upon Thames
18%
WalesRhondda Cynon Taff
18%
London BoroughsRichmond upon Thames
18%
ScotlandWestern Isles
18%

Score Distribution

Percentile by Number Answered

Percent of People with Each Score

Your Score History

You have not taken this quiz since the last reset